Python 3: tratamiento de los datos y técnicas de programación (Registro nro. 13466)

Detalles MARC
000 -Cabecera
Campo de control de longitud fija 01050nam a22003737a 4500
005 - Fecha y hora de la última transacción
Campo de control 20250624154533.0
008 - Elementos de longitud fija--Información general
Campo de control de longitud fija 230224b2020 |||||||| |||| 00| 0 spa d
020 ## - International Standard Book Number
Número Internacional Estándar del Libro (ISBN) 9782409025754
041 ## - Idioma
Código de idioma Español
082 ## - Clasificación Decimal Dewey
Número de clasificación 005.133 C513p
100 ## - Entrada principal--Autor personal
Nombre personal Chazallet, Sébastien
245 ## - Título propiamente dicho
Título Python 3: tratamiento de los datos y técnicas de programación
260 ## - Pie de imprenta
Lugar de publicación, distribución, etc. España
260 ## - Pie de imprenta
Nombre del editor, distribuidor, etc. Ediciones ENI
260 ## - Pie de imprenta
Fecha de publicación, distribución, etc. 2020
300 ## - Descripción física
Extensión 540 páginas
365 ## - TRADE PRICE
Price amount ¢50.100
Price note Fecha: 17/11/2022
490 ## - Serie
Título de la Serie Tecnologías de la Información
650 ## - Materia general
Temática (materia general) LENGUAJES ESPECÍFICOS DE PROGRAMACIÓN
650 ## - Materia general
Temática (materia general) PATRONES DE DISEÑO
650 ## - Materia general
Temática (materia general) XML
650 ## - Materia general
Temática (materia general) OPENDOCUMENT
650 ## - Materia general
Temática (materia general) SISTEMA OPERATIVO
650 ## - Materia general
Temática (materia general) PROGRAMACIÓN DE RED
650 ## - Materia general
Temática (materia general) PROGRAMACIÓN WEB
650 ## - Materia general
Temática (materia general) PROGRAMACIÓN CIENTÍFICA
650 ## - Materia general
Temática (materia general) PROGRAMACIÓN CONCURRENTE
650 ## - Materia general
Temática (materia general) PROGRAMACIÓN ASÍNCRONA
650 ## - Materia general
Temática (materia general) MATRICES
650 ## - Materia general
Temática (materia general) TABLAS MULTIDIMENSIONALES
650 ## - Materia general
Temática (materia general) WEBSCRAPPING
650 ## - Materia general
Temática (materia general) CLIENTE WEB
942 ## - Punto de acceso adicional KOHA
Tipo de ítem KOHA Libro
Fuente del sistema de clasificación o colocación Dewey Decimal Classification
Existencias
Signatura completa Código de barras Programa Académico Tipo de ítem
005.133 C513p 25557 Tecnologías de Información Libro
005.133 C513p 25558 Tecnologías de Información Libro